1142 1710 1906 1832 1339 1676 1451 1993 1997 1360 1761 1982 1660 1428 1301 1731 1588 1310 1039 1018 1154 1620 1821 1197 1436 1479 1095 1811 1980 1657 1954 1724 1829 1034 1175 1247 1747 1935 1478 1384 1689 1111 1325 1539 1161 1584 1583 1656 1342 1279 1743 1847 1392 1056 1913 1785 1304 1385 1818 1934 1119 1093 1826 1113 1440 1685 1919 1672 1312 1181 1170 1826 1863 1104 1134 1660 1556 1955 1504 1549 1460 1126 1765 1689 1528 1301 1837 1171 1338 1380 1313 1725 1794 1250 1748 1241 1033 1586 1166 BCNSPRNW ULIB Ver.6.0+V

เปลี่ยนเป็นภาษาไทย

Change to English
 แสดงรายละเอียดบรรณานุกรม
  กลับหน้าหลัก

Brief Record : Get Marc (ISO 2709) : E-mail record : QR code < ปิดหน้าต่าง
LEADER : 00000nam 2200000uu 4500
001    13399107764
003     ULIB
008    110202s2553||||th 000 0 tha d
020    9789742254155
060  4 ^aWJ300^bธ262N 2553
110 1  ^aสมาคมโรคไตแห่งประเทศไทย
245 00 ^aNephrology board review^cธนิต จิรนันท์ธวัช, สิริภา ช้างศิริกุล, ธนันดา ตระกูลวนิช และวสันต์ สุเมธกุล, บรรณาธิการ
250    ^aพิมพ์ครั้งที่ 1
260    ^aกรุงเทพฯ : ^bเท็กซ์ แอนด์ เจอร์นัล พับลิเคชั่น,^c2553
300    ^a374 หน้า ; ^bภาพประกอบ
700 0  ^aธนิต จิรนันท์ธวัช, บรรณาธิการ
700 0  ^aสิริภา ช้างศิริกุล, บรรณาธิการ
700 0  ^aธนันดา ตระกูลวนิช, บรรณาธิการ
700 0  ^aวสันต์ สุเมธกุล, บรรณาธิการ
945    ^p350^l0^i029478
945    ^p350^l0^i029477
945    ^p350^l0^i029479
995    เกษร
999 ^a ใช้งานได้ทุกระบบ
รายการนี้ยังไม่มีแท็ก
คุณยังไม่ได้ล็อกอิน คุณสามารถมีกิจกรรมร่วมกับเว็บไซต์ได้ แต่ต้องล็อกอินก่อน ::
  ล็อกอิน

รายการสื่อสารสนเทศ

ลำดับที่ ประเภท เลขเรียก/บาร์โค้ด สถานที่ สถานะ
1. วิทยาศาสตร์การแพทย์ และสุขภาพ
หนังสือสำรอง
สถานะ=หนังสือสำรอง
WJ300 ธ262N 2553 ฉ.1 
  Barcode: 029477
ห้องสมุดวิทยาเขตสวรรค์ประชารักษ์
►ส่วนจัดเก็บหนังสือเก่า สปร
บนชั้น
  ขอยืม
2. วิทยาศาสตร์การแพทย์ และสุขภาพ
วิทยาศาสตร์การแพทย์ และสุขภาพ
WJ300 ธ262N 2553 ฉ.2 
  Barcode: 029478
ห้องสมุดวิทยาเขตสวรรค์ประชารักษ์
►ส่วนจัดเก็บหนังสือเก่า สปร
บนชั้น
  ขอยืม
3. วิทยาศาสตร์การแพทย์ และสุขภาพ
วิทยาศาสตร์การแพทย์ และสุขภาพ
WJ300 ธ262N 2553 ฉ.3 
  Barcode: 029479
ห้องสมุดวิทยาเขตสวรรค์ประชารักษ์
►ส่วนจัดเก็บหนังสือเก่า สปร
บนชั้น
  ขอยืม

BibComment


ยังไม่เคยถูกคอมเมนท์

คอมเมนท์ทรัพยากรรายการนี้
  คอมเมนท์: Nephrology board..


 Copyright 2026. Bcnsprnw @Library